[Event "NM for klubblag 2019"]
[Site "Scandic Ambassadeur, Drammen"]
[Date "2019.05.30"]
[Round "3"]
[White "Westrum, Kim Roger Hansen"]
[Black "Berget, Eirik"]
[Result "1-0"]
[WhiteElo "1689"]
[BlackElo "1413"]
[PlyCount "69"]
[EventDate "2019.??.??"]

1. e4 c6 2. d3 d5 3. Nd2 g6 4. Ngf3 Bg7 5. g3 Bg4 6. Bg2 e6 7. O-O Ne7 8. h3
Bxf3 9. Nxf3 O-O 10. Qe2 Nd7 11. e5 c5 12. c3 Qc7 13. Bf4 Nc6 14. d4 Qb6 15.
Rfd1 Rae8 16. g4 f6 17. exf6 Nxf6 18. Bd6 Ne4 19. dxc5 Nxc5 20. Bxf8 Rxf8 21.
Nd4 Nxd4 22. cxd4 Na4 23. Qd2 Qd6 24. b3 Nb6 25. Rac1 Rf4 26. Qe3 e5 27. dxe5
Bxe5 28. Rc5 Kg7 29. Rcxd5 Nxd5 30. Rxd5 Qxd5 31. Bxd5 Kf6 32. g5+ Kf5 33. Bxb7
Bd4 34. Bc8+ Kxg5 35. h4+ 1-0

[Event "NM for klubblag 2019"]
[Site "Scandic Ambassadeur, Drammen"]
[Date "2019.05.30"]
[Round "3"]
[White "Martinsen, Vegard"]
[Black "Gaarder, Hans K."]
[Result "0-1"]
[WhiteElo "1542"]
[BlackElo "1585"]
[PlyCount "42"]
[EventDate "2019.??.??"]

1. e4 e6 2. d4 d5 3. Nc3 Bb4 4. Qg4 Kf8 5. e5 c5 6. Nf3 cxd4 7. Nxd4 Bxc3+ 8.
bxc3 Qc7 9. Qg3 Ne7 10. Ba3 Kg8 11. Nb5 Qd8 12. Bd3 Nbc6 13. O-O Ng6 14. Bd6
Bd7 15. f4 Rc8 16. Rf3 Nce7 17. h4 Bxb5 18. Bxb5 Qb6+ 19. Re3 Nf5 20. Qg5 Qxe3+
21. Kf1 Ng3+
0-1

[Event "NM for klubblag 2019"]
[Site "Scandic Ambassadeur, Drammen"]
[Date "2019.05.30"]
[Round "3"]
[White "Macksood, Azmil"]
[Black "Ugland, Torge"]
[Result "1-0"]
[WhiteElo "1641"]
[BlackElo "1592"]
[PlyCount "81"]
[EventDate "2019.??.??"]

1. d4 d5 2. Nf3 Nf6 3. Bf4 Bf5 4. e3 e6 5. c3 Be7 6. h3 Nbd7 7. Nbd2 Ne4 8. Be2
Nxd2 9. Nxd2 O-O 10. O-O c5 11. Re1 cxd4 12. exd4 Nf6 13. Qb3 b6 14. Nf3 Bd6
15. Ne5 Qc7 16. Bf3 Be4 17. Bxe4 Nxe4 18. Bh2 Rac8 19. Qc2 Nf6 20. Rac1 Nd7 21.
Nf3 Bxh2+ 22. Nxh2 Nf6 23. Nf3 Qf4 24. Ne5 Rc7 25. f3 Rfc8 26. Qe2 Nd7 27. Nd3
Qd6 28. a3 Rc4 29. Rcd1 R4c7 30. Nb4 Nb8 31. Qd2 a5 32. Nd3 Nd7 33. Re2 Qg3 34.
Qe1 Rc4 35. Ne5 Nxe5 36. Rxe5 Qh4 37. Qe2 R8c7 38. Rxd5 Rc8 39. Rb5 R4c6 40. d5
Qd4+ 41. cxd4 1-0

[Event "NM for klubblag 2019"]
[Site "Scandic Ambassadeur, Drammen"]
[Date "2019.05.30"]
[Round "3"]
[White "Bruaset, Eivind"]
[Black "Altarbosh, Ward"]
[Result "0-1"]
[WhiteElo "2076"]
[BlackElo "2250"]
[PlyCount "76"]
[EventDate "2019.??.??"]

1. e4 e6 2. d4 d5 3. exd5 exd5 4. Nf3 Bg4 5. Qe2+ Ne7 6. h3 Bh5 7. Nbd2 Nbc6 8.
Nb3 Qd6 9. g4 Bg6 10. Ne5 Be4 11. Rg1 Nxd4 12. Nxd4 Qxe5 13. c3 Qh2 14. Rg3
O-O-O 15. Qb5 Ng6 16. Nc6 bxc6 17. Qxc6 Qh1 18. Qa6+ Kd7 19. Qb5+ Ke6 20. Qa6+
Bd6 21. Re3 Ne5 22. c4 d4 23. f4 Nf3+ 24. Rxf3 Qxf3 25. c5 Qg3+ 26. Kd1 Bf3+
27. Kc2 Qf2+ 28. Bd2 d3+ 29. Bxd3 Qxc5+ 30. Bc3 Qf2+ 31. Bd2 Ke7 32. Re1+ Kf8
33. Rf1 Qc5+ 34. Bc3 Qc6 35. Qa5 Bc5 36. Rxf3 Qxf3 37. Qxc5+ Rd6 38. Bc4 Qd1#
0-1

[Event "NM for klubblag 2019"]
[Site "Scandic Ambassadeur, Drammen"]
[Date "2019.05.30"]
[Round "3"]
[White "Bernstein, Jonas August"]
[Black "Stake-Larsen, Gunnar"]
[Result "1/2-1/2"]
[WhiteElo "1766"]
[BlackElo "1982"]
[PlyCount "64"]
[EventDate "2019.??.??"]

1. d4 d5 2. c4 e6 3. Nc3 c6 4. cxd5 exd5 5. Qc2 Nf6 6. Bg5 Be7 7. e3 Be6 8. Bd3
Nbd7 9. Nge2 Nf8 10. O-O Bd7 11. e4 Nxe4 12. Bxe7 Qxe7 13. Nxe4 dxe4 14. Bxe4
Ng6 15. Rfe1 O-O 16. Rad1 Qg5 17. d5 Rac8 18. Qb3 b6 19. dxc6 Bxc6 20. Bxc6
Rxc6 21. Rd7 Qg4 22. Rdd1 h6 23. h3 Qf5 24. Nd4 Qf6 25. Nxc6 Qxc6 26. Qd5 Qf6
27. b3 Rc8 28. Rd2 Kh7 29. Qb7 Rc5 30. Qxa7 Nh4 31. Rd3 Rg5 32. Rg3 Rxg3
1/2-1/2

[Event "NM for klubblag 2019"]
[Site "Scandic Ambassadeur, Drammen"]
[Date "2019.05.30"]
[Round "3"]
[White "Marosevic, Tomislav"]
[Black "Khoo-Thwe, Louis"]
[Result "0-1"]
[WhiteElo "1613"]
[BlackElo "1650"]
[PlyCount "70"]
[EventDate "2019.??.??"]

1. e4 e5 2. Nc3 Nf6 3. Bc4 Bc5 4. f4 d6 5. f5 g6 6. g4 h5 7. g5 Ng4 8. Nh3 gxf5
9. exf5 Bxf5 10. Qf3 Bg6 11. Qxb7 Nd7 12. Nd5 O-O 13. Qxc7 Qxc7 14. Nxc7 Rac8
15. Nd5 Be4 16. Ne7+ Kg7 17. Rf1 Rce8 18. Nf5+ Kg8 19. Nh6+ Nxh6 20. gxh6 Bg2
21. Rxf7 Rxf7 22. Bxf7+ Kxf7 23. Ng5+ Kg6 24. d3 Rf8 25. Ne6 Rf1+ 26. Ke2 Bb6
27. b4 h4 28. a4 a5 29. bxa5 Bxa5 30. Rb1 Re1+ 31. Kf2 Bd5 32. Ng7 Bc6 33. Nf5
Kxf5 34. h7 Nf6 35. Bd2 Bxd2 0-1

[Event "NM for klubblag 2019"]
[Site "Scandic Ambassadeur, Drammen"]
[Date "2019.05.30"]
[Round "3"]
[White "Sidali, Elias Hulleberg"]
[Black "Stenersen, Gudmund"]
[Result "1/2-1/2"]
[WhiteElo "1953"]
[BlackElo "2183"]
[PlyCount "84"]
[EventDate "2019.??.??"]

1. e4 e5 2. Nf3 Nc6 3. Nc3 Bb4 4. Nd5 Bc5 5. c3 d6 6. b4 Bb6 7. a4 a5 8. b5 Nb8
9. Nxb6 cxb6 10. d4 Qc7 11. c4 Nf6 12. Ba3 Nxe4 13. dxe5 dxe5 14. Qd5 Nc5 15.
Bxc5 bxc5 16. Qxe5+ Qxe5+ 17. Nxe5 Be6 18. O-O-O Ke7 19. Kb2 Rc8 20. Be2 f6 21.
Ng4 Nd7 22. Bf3 Nb6 23. Rhe1 Kf7 24. Ne3 Rd8 25. Kb3 Rd4 26. Rxd4 cxd4 27. Nd5
Bxd5 28. Bxd5+ Nxd5 29. cxd5 Rc8 30. Re4 d3 31. d6 d2 32. Rd4 Ke6 33. Rxd2 Kd7
34. Rd4 Rc5 35. g3 h5 36. f4 f5 37. Rd1 g6 38. Rd4 b6 39. h4 Rc1 40. Rc4 Rxc4
41. Kxc4 Kxd6 42. Kd4 Ke6
1/2-1/2

[Event "NM for klubblag 2019"]
[Site "Scandic Ambassadeur, Drammen"]
[Date "2019.05.30"]
[Round "4"]
[White "Unneland, Mathias"]
[Black "Gamback, Bjorn"]
[Result "1/2-1/2"]
[WhiteElo "2009"]
[BlackElo "2157"]
[PlyCount "99"]
[EventDate "2019.??.??"]

1. d4 d5 2. c4 e6 3. Nf3 Nf6 4. Nc3 Be7 5. g3 O-O 6. Bg2 c5 7. cxd5 exd5 8. O-O
Nc6 9. Bg5 cxd4 10. Nxd4 h6 11. Bxf6 Bxf6 12. e3 Nxd4 13. exd4 Be6 14. Qb3 Bxd4
15. Nxd5 Bxd5 16. Qxd5 Qxd5 17. Bxd5 Rfd8 18. Bxb7 Rab8 19. Bc6 Rxb2 20. a4
Rxf2 21. Rxf2 Bxa1 22. Re2 Kf8 23. Kg2 g6 24. Kf3 f5 25. h3 Kf7 26. Bb5 Kf6 27.
Rc2 Be5 28. Rc6+ Kg7 29. Re6 Bf6 30. Rc6 Be5 31. Re6 Bd6 32. Re8 Rxe8 33. Bxe8
Kf6 34. g4 Kg5 35. gxf5 gxf5 36. Bd7 Kf6 37. Bc8 Ke5 38. Bd7 Be7 39. Bc8 h5 40.
Bd7 Bg5 41. h4 Bxh4 42. Be8 Be7 43. Bxh5 Bd6 44. Be8 Kd4 45. Bd7 f4 46. a5 Kc5
47. a6 Kb6 48. Bc8 Be5 49. Bb7 Kc7 50. Kf2
1/2-1/2

[Event "NM for klubblag 2019"]
[Site "Scandic Ambassadeur, Drammen"]
[Date "2019.05.30"]
[Round "4"]
[White "KolÃ¥s, Tore"]
[Black "Hausken, Andreas Skrede"]
[Result "1/2-1/2"]
[WhiteElo "2120"]
[BlackElo "1799"]
[PlyCount "56"]
[EventDate "2019.??.??"]

1. c4 Nf6 2. Nc3 e6 3. e4 d6 4. d4 Be7 5. Nf3 O-O 6. h3 Nbd7 7. Be3 e5 8. d5
Ne8 9. Be2 g6 10. Bh6 Ng7 11. g4 Kh8 12. Qd2 Rg8 13. O-O-O Nf8 14. Rdg1 f5 15.
gxf5 gxf5 16. Ng5 Qe8 17. Rg2 fxe4 18. Rhg1 Ng6 19. Nxh7 Kxh7 20. Rxg6 Qxg6 21.
Rxg6 Kxg6 22. Nxe4 Bf5 23. Ng3 Bxh3 24. Bd3+ Nf5 25. Be3 Kf6 26. Ne4+ Kg6 27.
Ng3 Kf6 28. Ne4+ Kg6 1/2-1/2

[Event "NM for klubblag 2019"]
[Site "Scandic Ambassadeur, Drammen"]
[Date "2019.05.30"]
[Round "4"]
[White "Juriloo, Karl"]
[Black "Skrede, Per Arne"]
[Result "1-0"]
[WhiteElo "1978"]
[BlackElo "1698"]
[PlyCount "47"]
[EventDate "2019.??.??"]

1. e4 e5 2. Nf3 Nc6 3. Bc4 Nf6 4. Ng5 d5 5. exd5 Na5 6. Bb5+ c6 7. dxc6 bxc6 8.
Bd3 Nd5 9. Nf3 Bd6 10. Nc3 Nf4 11. O-O O-O 12. Be2 f5 13. d4 e4 14. Ne5 Qg5 15.
g3 Nxe2+ 16. Qxe2 Qf6 17. f3 c5 18. Nd5 Qe6 19. Nf4 Qe7 20. Qb5 cxd4 21. Qd5+
Be6 22. Nxe6 Bxe5 23. Nxf8+ Kxf8 24. Qxa8+ 1-0

[Event "NM for klubblag 2019"]
[Site "Scandic Ambassadeur, Drammen"]
[Date "2019.05.30"]
[Round "4"]
[White "Johnsen, Ã~ystein"]
[Black "Tveit, Geir"]
[Result "1/2-1/2"]
[WhiteElo "1995"]
[BlackElo "1742"]
[PlyCount "84"]
[EventDate "2019.??.??"]

1. d4 d5 2. Bf4 Nf6 3. e3 e6 4. Nd2 c5 5. c3 Nc6 6. Ngf3 cxd4 7. exd4 Bd6 8.
Bg3 O-O 9. Ne5 Qc7 10. Ndf3 Ne4 11. Bd3 f6 12. Nxc6 bxc6 13. Bxd6 Qxd6 14. Qe2
Ng5 15. Nxg5 fxg5 16. Qh5 g6 17. Qxg5 Qf4 18. Qxf4 Rxf4 19. g3 Rf6 20. f4 a5
21. Kd2 Ba6 22. Bc2 Raf8 23. Rae1 g5 24. f5 exf5 25. Re5 h6 26. h4 g4 27. Bd3
Bxd3 28. Kxd3 f4 29. gxf4 Rxf4 30. Rh2 Rf3+ 31. Re3 Rxe3+ 32. Kxe3 Rf3+ 33. Ke2
h5 34. Rh1 Kg7 35. a4 Kf6 36. Rf1 Rxf1 37. Kxf1 Ke7 38. b4 axb4 39. cxb4 Kd7
40. Ke2 Kc7 41. Kd3 Kb7 42. Ke3 Kc7 1/2-1/2

[Event "NM for klubblag 2019"]
[Site "Scandic Ambassadeur, Drammen"]
[Date "2019.05.30"]
[Round "4"]
[White "Utseth, Mikhail"]
[Black "KjÃ¦rÃ¥s, Alf Marius"]
[Result "0-1"]
[WhiteElo "1605"]
[BlackElo "1856"]
[PlyCount "70"]
[EventDate "2019.??.??"]

1. d4 d5 2. e3 Nf6 3. Bd3 e6 4. Nd2 c5 5. c3 b6 6. f4 Bb7 7. Ngf3 Bd6 8. Ne5
O-O 9. O-O Nc6 10. Qf3 Rc8 11. Qh3 g6 12. Qf3 c4 13. Bc2 b5 14. e4 Ne7 15. Ng4
Nxg4 16. Qxg4 dxe4 17. Qe2 f5 18. a4 a6 19. axb5 axb5 20. b3 Nd5 21. bxc4 bxc4
22. Bb2 Nxf4 23. Rxf4 Bxf4 24. Nxc4 Qc7 25. Ne5 Bxe5 26. dxe5 Qxe5 27. Bb3 Ra8
28. Rd1 Rfd8 29. Rc1 Rd3 30. Qf2 e3 31. Qf1 Rd2 32. Ba1 Rxg2+ 33. Qxg2 Bxg2 34.
Kxg2 e2 35. Re1 Rxa1 0-1

[Event "NM for klubblag 2019"]
[Site "Scandic Ambassadeur, Drammen"]
[Date "2019.05.30"]
[Round "4"]
[White "Kopperud, Vidar Aleksander"]
[Black "Nilssen, StÃ¥le"]
[Result "1-0"]
[WhiteElo "1766"]
[BlackElo "1598"]
[PlyCount "81"]
[EventDate "2019.??.??"]

1. d4 d5 2. c4 Bf5 3. Nc3 e6 4. Nf3 Nf6 5. Bg5 Be7 6. e3 c6 7. Qb3 Qb6 8. c5
Qxb3 9. axb3 Nbd7 10. b4 b5 11. Be2 O-O 12. O-O h6 13. Bh4 g5 14. Bg3 Rfc8 15.
h3 Bd8 16. Ra3 a5 17. Rfa1 a4 18. b3 Bc2 19. bxa4 bxa4 20. Nxa4 Ne4 21. Bd1
Bxd1 22. Rxd1 Nxg3 23. fxg3 Bc7 24. Kf2 Rcb8 25. Rb1 Ra7 26. Ra2 Rba8 27. Rba1
Nf6 28. Nd2 e5 29. Nc3 Rxa2 30. Rxa2 Rxa2 31. Nxa2 exd4 32. exd4 g4 33. Nc3
gxh3 34. gxh3 Nh5 35. Ne2 Ng7 36. Nb3 Ne6 37. Na5 Nd8 38. Nf4 Kg7 39. Kf3 Kf6
40. Nxc6 Bxf4 41. Nxd8 1-0

[Event "NM for klubblag 2019"]
[Site "Scandic Ambassadeur, Drammen"]
[Date "2019.05.30"]
[Round "4"]
[White "Lid, Trond Olsen"]
[Black "DÃ¦hli, Vincent"]
[Result "1/2-1/2"]
[WhiteElo "1547"]
[BlackElo "1624"]
[PlyCount "70"]
[EventDate "2019.??.??"]

1. d4 d5 2. Nf3 e6 3. c4 Nf6 4. e3 c5 5. Nc3 Nc6 6. cxd5 exd5 7. dxc5 Bxc5 8.
Bb5 O-O 9. O-O a6 10. Ba4 b5 11. Bb3 d4 12. Nxd4 Nxd4 13. exd4 Bxd4 14. Bg5 Bb7
15. Qc2 Qb6 16. Bxf6 Qxf6 17. Bd5 Bxd5 18. Nxd5 Qe5 19. Qb3 Rfd8 20. Nb4 Rd6
21. Qf3 Re8 22. Nc6 Qf6 23. Nxd4 Rxd4 24. Rfe1 Qd8 25. g3 Rxe1+ 26. Rxe1 a5 27.
Qc6 Rd1 28. Rxd1 Qxd1+ 29. Kg2 g6 30. Qxb5 a4 31. h4 Qd4 32. b4 Qe4+ 33. Kh2
Qc2 34. Qb8+ Kg7 35. Qe5+ Kg8 1/2-1/2

[Event "NM for klubblag 2019"]
[Site "Scandic Ambassadeur, Drammen"]
[Date "2019.05.30"]
[Round "4"]
[White "Olsen, William Alexander"]
[Black "GrÃ¸nnestad, Anita"]
[Result "0-1"]
[WhiteElo "1744"]
[BlackElo "1950"]
[PlyCount "72"]
[EventDate "2019.??.??"]

1. Nf3 d5 2. c4 e6 3. g3 Nf6 4. Bg2 Be7 5. O-O O-O 6. d4 dxc4 7. Qa4 a6 8. Qxc4
b5 9. Qc2 Bb7 10. Bf4 Nd5 11. Bd2 Nd7 12. Nc3 N7f6 13. Nxd5 Bxd5 14. Rfd1 Be4
15. Qb3 Ra7 16. Ne5 Qa8 17. Bxe4 Nxe4 18. Be3 c5 19. dxc5 Bxc5 20. Bxc5 Nxc5
21. Qe3 Rc8 22. Rac1 Rac7 23. Qd4 Nb3 24. axb3 Rxc1 25. Qd2 Rxd1+ 26. Qxd1 Rd8
27. Nd3 e5 28. Qc1 Qd5 29. Qc7 Qd6 30. Qb7 f5 31. f4 Qd4+ 32. Kf1 e4 33. Ne5
Qd1+ 34. Kf2 e3+ 35. Kxe3 Qg1+ 36. Kf3 Qh1+ 0-1

[Event "NM for klubblag 2019"]
[Site "Scandic Ambassadeur, Drammen"]
[Date "2019.05.30"]
[Round "4"]
[White "Elsness, Frode"]
[Black "Gonzalez, Francisco Silva"]
[Result "1-0"]
[WhiteElo "2440"]
[BlackElo "2125"]
[PlyCount "104"]
[EventDate "2019.??.??"]

1. c4 e5 2. g3 Nc6 3. Bg2 Bc5 4. Nc3 d6 5. e3 a6 6. Nge2 Ba7 7. O-O h5 8. d4 h4
9. b4 hxg3 10. fxg3 Nf6 11. b5 axb5 12. cxb5 Ne7 13. Qd3 c6 14. Bb2 Be6 15. Ne4
Nxe4 16. Bxe4 d5 17. Bg2 e4 18. Qb3 Bb8 19. Nf4 Bg4 20. Rf2 Bd6 21. a4 Qd7 22.
bxc6 bxc6 23. Ba3 Rb8 24. Qc3 Bxa3 25. Qxa3 O-O 26. a5 Nc8 27. Ng6 Re8 28. Ne5
Qe6 29. Rxf7 Be2 30. Rf2 Bb5 31. Bf1 Nd6 32. a6 Ra8 33. Qc5 Nc4 34. Nxc4 dxc4
35. a7 Qd5 36. Rc2 Qxc5 37. dxc5 Kf7 38. Bxc4+ Bxc4 39. Rxc4 Kf6 40. Ra6 Ke5
41. Rca4 Kd5 42. R6a5 Re7 43. h4 Ke5 44. Kg2 Rb7 45. Kh3 Rb3 46. Ra6 Rb7 47.
Rxc6 Rbxa7 48. Rxa7 Rxa7 49. Rg6 Kd5 50. c6 Rc7 51. Kg4 Rf7 52. Rg5+ Ke6
1-0

[Event "NM for klubblag 2019"]
[Site "Scandic Ambassadeur, Drammen"]
[Date "2019.05.30"]
[Round "4"]
[White "Grøndahl, David A"]
[Black "Wister, Tom R"]
[Result "0-1"]
[WhiteElo "1688"]
[BlackElo "1837"]
[PlyCount "50"]
[EventDate "2019.??.??"]

1. e4 e6 2. d4 d5 3. Nc3 Bb4 4. e5 c5 5. a3 Bxc3+ 6. bxc3 Ne7 7. Qg4 Qc7 8. Bd2
cxd4 9. cxd4 Qxc2 10. Rc1 Qg6 11. Qf3 Qe4+ 12. Qxe4 dxe4 13. Ne2 Nbc6 14. Be3
O-O 15. Nc3 Nf5 16. Ne2 Rd8 17. Rd1 b6 18. g4 Nh4 19. Bh3 Nf3+ 20. Kf1 Ba6 21.
g5 Ncxd4 22. Bxd4 Rxd4 23. Rxd4 Nxd4 24. Bg4 Nf3 25. h4 Rd8
0-1

[Event "NM for klubblag 2019"]
[Site "Scandic Ambassadeur, Drammen"]
[Date "2019.05.30"]
[Round "4"]
[White "Wister, Finn Arild"]
[Black "Grasvik, Olav"]
[Result "1-0"]
[WhiteElo "1410"]
[BlackElo "1302"]
[PlyCount "45"]
[EventDate "2019.??.??"]

1. b4 e6 2. Bb2 Nf6 3. b5 b6 4. e3 Bb7 5. Nf3 d5 6. c4 Nbd7 7. Be2 Be7 8. O-O
O-O 9. Ba3 Bxa3 10. Nxa3 Qe7 11. Qc1 c6 12. bxc6 Bxc6 13. cxd5 Bxd5 14. Nb5
Rfc8 15. Qb2 a6 16. Nc3 b5 17. Nxd5 Nxd5 18. Rfc1 e5 19. Rxc8+ Rxc8 20. Rc1
Rxc1+ 21. Qxc1 N7b6 22. Qc6 Qc7 23. Qe8#
1-0

[Event "NM for klubblag 2019"]
[Site "Scandic Ambassadeur, Drammen"]
[Date "2019.05.30"]
[Round "4"]
[White "Johnsen, Sylvia"]
[Black "Breivik, Lars"]
[Result "1-0"]
[WhiteElo "1888"]
[BlackElo "2165"]
[PlyCount "67"]
[EventDate "2019.??.??"]

1. e4 g6 2. d4 Bg7 3. Nf3 d6 4. Nc3 Nf6 5. h3 O-O 6. Be3 c6 7. Bd3 Nbd7 8. Qd2
Re8 9. e5 dxe5 10. dxe5 Nd5 11. Nxd5 cxd5 12. Bb5 e6 13. Bd4 a6 14. Bd3 Qc7 15.
Qe3 b6 16. c3 Bb7 17. O-O Bc6 18. Rfe1 a5 19. g4 b5 20. Kg2 b4 21. h4 Qb7 22.
Qf4 Qb8 23. h5 Nb6 24. Rh1 Na4 25. hxg6 hxg6 26. Qh2 Re7 27. Bc2 Nxb2 28. Bc5
Qb7 29. Nd4 Be8 30. Qh7+ Kf8 31. Qh8+ Bxh8 32. Rxh8+ Kg7 33. Rah1 Ba4 34. R1h7#
1-0

[Event "NM for klubblag 2019"]
[Site "Scandic Ambassadeur, Drammen"]
[Date "2019.05.30"]
[Round "4"]
[White "Henriksen, Geir I"]
[Black "Khoo-Thwe, Louis"]
[Result "1/2-1/2"]
[WhiteElo "2161"]
[BlackElo "1650"]
[PlyCount "82"]
[EventDate "2019.??.??"]

1. c4 e5 2. g3 Nc6 3. Nc3 f5 4. Nf3 Nf6 5. d4 e4 6. Nh4 d6 7. Bh3 g6 8. Bg5 Bg7
9. Qd2 O-O 10. O-O Qe8 11. f3 a6 12. Ng2 exf3 13. exf3 Nh5 14. d5 Ne5 15. Rae1
Qf7 16. b3 Bf6 17. Bxf6 Nxf6 18. f4 Ned7 19. Ne3 Nc5 20. Bg2 a5 21. Nc2 Bd7 22.
Nd4 Rfe8 23. Bf3 Qg7 24. Kg2 h5 25. h4 Nfe4 26. Bxe4 fxe4 27. f5 gxf5 28. Nxf5
Bxf5 29. Rxf5 Re5 30. Ref1 e3 31. Qc2 Rc8 32. R1f3 Kh8 33. Rf7 e2 34. Rxg7
e1=N+ 35. Kh3 Nxc2 36. Rff7 Rce8 37. Rh7+ Kg8 38. Nb5 Re1 39. Rhg7+ Kh8 40.
Rh7+ Kg8 41. Rhg7+ Kh8 1/2-1/2

[Event "NM for klubblag 2019"]
[Site "Scandic Ambassadeur, Drammen"]
[Date "2019.05.30"]
[Round "4"]
[White "Mrachek, Svetlana"]
[Black "Ludvigsen, Frode"]
[Result "0-1"]
[WhiteElo "1586"]
[BlackElo "2064"]
[PlyCount "70"]
[EventDate "2019.??.??"]

1. d4 e6 2. c4 Nf6 3. Nf3 c5 4. e3 d5 5. cxd5 exd5 6. Nc3 Nc6 7. Be2 Bd6 8. Nb5
Be7 9. dxc5 Bxc5 10. Nbd4 Qb6 11. O-O O-O 12. a3 a5 13. Nb3 Be7 14. Qc2 Bg4 15.
Rd1 Rac8 16. Qd3 Bxf3 17. Bxf3 Ne5 18. Qe2 Qxb3 19. Bd2 Rc2 20. Qe1 Nd3 21. Qf1
Nxb2 22. Rab1 Qxa3 23. Bc1 Qa2 24. Bxb2 Rxb2 25. Ra1 Qc4 26. Rxa5 b5 27. g3 g6
28. Bxd5 Nxd5 29. Qxc4 bxc4 30. Raxd5 c3 31. Kg2 Rc8 32. Rc1 Ra2 33. Rd7 Ba3
34. Ra7 Bxc1 35. Rxa2 Bb2 0-1

[Event "NM for klubblag 2019"]
[Site "Scandic Ambassadeur, Drammen"]
[Date "2019.05.30"]
[Round "4"]
[White "Syrrist, Guttorm Strande"]
[Black "Sneltvedt, Tommy"]
[Result "1/2-1/2"]
[WhiteElo "1535"]
[BlackElo "1573"]
[PlyCount "89"]
[EventDate "2019.??.??"]

1. e4 c5 2. Nf3 d6 3. d4 cxd4 4. Nxd4 Nf6 5. Nc3 g6 6. Be3 Bg7 7. f3 O-O 8. Qd2
Nc6 9. Bc4 Bd7 10. O-O-O Rc8 11. Bb3 Qa5 12. Kb1 Nxd4 13. Bxd4 Rfe8 14. Nd5
Qxd2 15. Nxf6+ Bxf6 16. Rxd2 Bxd4 17. Rxd4 Rc5 18. f4 Rec8 19. e5 Bf5 20. exd6
exd6 21. Rhd1 Bxc2+ 22. Bxc2 Rxc2 23. R4d2 Rxd2 24. Rxd2 Rc6 25. Re2 Kf8 26. h3
f5 27. h4 Kf7 28. g3 a5 29. Re3 b6 30. a4 d5 31. Rd3 Ke6 32. Re3+ Kd7 33. b3
Kd6 34. Kb2 d4 35. Re8 Rc7 36. Rd8+ Kc5 37. Re8 Kb4 38. Rd8 Kc5 39. Re8 Kd6 40.
Rd8+ Rd7 41. Rc8 Kd5 42. Re8 Rd6 43. Re5+ Kc6 44. Kc2 d3+ 45. Kd2 1/2-1/2

[Event "NM for klubblag 2019"]
[Site "Scandic Ambassadeur, Drammen"]
[Date "2019.05.30"]
[Round "4"]
[White "Strand, Andreas"]
[Black "Morad, Hassen M"]
[Result "1-0"]
[WhiteElo "1920"]
[BlackElo "1594"]
[PlyCount "51"]
[EventDate "2019.??.??"]

1. e4 c5 2. Nc3 e6 3. f4 d5 4. Nf3 dxe4 5. Nxe4 Be7 6. Bb5+ Bd7 7. Qe2 a6 8.
Bxd7+ Nxd7 9. b3 Ngf6 10. Bb2 Qc7 11. Ne5 Nxe4 12. Qxe4 Nf6 13. Qf3 Rc8 14. O-O
O-O 15. a4 Rfd8 16. d3 b6 17. Rae1 Nd5 18. Ng4 Bd6 19. f5 h5 20. fxe6 fxe6 21.
Qe4 Re8 22. Nh6+ Kh8 23. Nf7+ Kg8 24. Qg6 Bxh2+ 25. Kh1 e5 26. Nh6+ 1-0

[Event "NM for klubblag 2019"]
[Site "Scandic Ambassadeur, Drammen"]
[Date "2019.05.30"]
[Round "4"]
[White "Kro, Andreas Fuskeland"]
[Black "Tandberg, Gjermund"]
[Result "1/2-1/2"]
[WhiteElo "1422"]
[BlackElo "1598"]
[PlyCount "55"]
[EventDate "2019.??.??"]

1. d4 d5 2. c4 c6 3. Nc3 Nf6 4. cxd5 cxd5 5. Bf4 Nc6 6. Nf3 e6 7. e3 Bd6 8. Bg3
O-O 9. Bd3 h6 10. a3 a6 11. Qc2 Re8 12. O-O Bxg3 13. hxg3 Qd6 14. Rac1 Bd7 15.
Rfd1 Rac8 16. b4 b5 17. Qe2 Na7 18. Nb1 Rc7 19. Rc5 Nc6 20. Rdc1 Rec8 21. Qc2
Ne8 22. Nbd2 Qe7 23. Nb3 Nd6 24. Ne5 Nc4 25. Bxc4 dxc4 26. Nxc6 Bxc6 27. Nd2
Ba8 28. Ne4 1/2-1/2

[Event "NM for klubblag 2019"]
[Site "Scandic Ambassadeur, Drammen"]
[Date "2019.05.30"]
[Round "4"]
[White "Strand, Ingrid"]
[Black "Strand, Vetle BjÃ¸rge"]
[Result "0-1"]
[WhiteElo "1526"]
[BlackElo "1477"]
[PlyCount "76"]
[EventDate "2019.??.??"]

1. d4 d5 2. c4 e6 3. Nc3 Bb4 4. Nf3 h6 5. Bf4 Nf6 6. a3 Bxc3+ 7. bxc3 Nbd7 8.
e3 O-O 9. Bd3 dxc4 10. Bxc4 Nb6 11. Bb3 Nbd5 12. Bg3 Nxc3 13. Qd3 Ncd5 14. Bc2
Ne7 15. Ne5 Nf5 16. O-O a5 17. Nf3 b6 18. Rfc1 Ba6 19. Qd2 Nxg3 20. fxg3 Bb7
21. Bd1 Rc8 22. Ne5 Qd6 23. Nc4 Qe7 24. Bc2 Rfd8 25. Qe2 Ba6 26. Bd3 Bb7 27.
Ne5 c5 28. dxc5 Rxc5 29. Nc4 Qc7 30. a4 Ba6 31. Rd1 Bxc4 32. Bxc4 Rxd1+ 33.
Rxd1 Rxc4 34. Rd8+ Qxd8 35. Qxc4 Qd1+ 36. Kf2 Qd2+ 37. Kf3 Qd5+ 38. Qxd5 Nxd5
0-1

[Event "NM for klubblag 2019"]
[Site "Scandic Ambassadeur, Drammen"]
[Date "2019.05.30"]
[Round "4"]
[White "Nordtug, Per Ã~istein"]
[Black "Gilde, Hallvard"]
[Result "0-1"]
[WhiteElo "1447"]
[BlackElo "1357"]
[PlyCount "34"]
[EventDate "2019.??.??"]

1. c4 Nf6 2. Nc3 g6 3. d4 d6 4. e4 Bg7 5. Nf3 h6 6. Be3 Ng4 7. Be2 Nxe3 8. fxe3
O-O 9. O-O Nd7 10. b4 Nf6 11. e5 Ng4 12. Qd2 dxe5 13. h3 Nxe3 14. Qxe3 exd4 15.
Qe4 Bf5 16. Qf4 dxc3 17. Ne5 Qd2 0-1

[Event "NM for klubblag 2019"]
[Site "Scandic Ambassadeur, Drammen"]
[Date "2019.05.30"]
[Round "4"]
[White "Blauhut, Holger"]
[Black "Nordquelle, Amelia"]
[Result "1-0"]
[WhiteElo "2041"]
[BlackElo "1614"]
[PlyCount "37"]
[EventDate "2019.??.??"]

1. e4 c5 2. Nf3 d6 3. Bb5+ Bd7 4. Bxd7+ Qxd7 5. O-O Nc6 6. Re1 g6 7. c3 Bg7 8.
d4 cxd4 9. cxd4 Nf6 10. Nc3 O-O-O 11. Qb3 e5 12. d5 Ne7 13. Be3 Kb8 14. h3 h5
15. Rac1 h4 16. Nb5 a6 17. Nc7 Rc8 18. Qb6 Rxc7 19. Qa7+
1-0

[Event "NM for klubblag 2019"]
[Site "Scandic Ambassadeur, Drammen"]
[Date "2019.05.30"]
[Round "4"]
[White "Løvåsen, Viktor Nygaard"]
[Black "Skaar, Ben Samuel Groth"]
[Result "1/2-1/2"]
[WhiteElo "1462"]
[BlackElo "1248"]
[PlyCount "59"]
[EventDate "2019.??.??"]

1. d4 d5 2. Nf3 Nf6 3. e3 e6 4. Bd3 c5 5. c3 Be7 6. O-O O-O 7. Nbd2 Nc6 8. Qe2
b6 9. Rd1 Bb7 10. b3 Rc8 11. Bb2 Qd7 12. e4 dxe4 13. Nxe4 cxd4 14. cxd4 Rfd8
15. Rac1 Nb4 16. Bb5 Bc6 17. Rxc6 Nxc6 18. Nxf6+ Bxf6 19. Ne5 Qe8 20. Nxc6 Rxc6
21. Bxc6 Qxc6 22. h3 h6 23. Qd3 Qd5 24. Qc4 e5 25. Qxd5 Rxd5 26. Kf1 exd4 27.
Ke2 Kf8 28. Kf3 Rf5+ 29. Ke2 Rd5 30. Kf3
1/2-1/2

[Event "NM for klubblag 2019"]
[Site "Scandic Ambassadeur, Drammen"]
[Date "2019.05.30"]
[Round "4"]
[White "Nizar, Siako"]
[Black "Galesic, Armin"]
[Result "1/2-1/2"]
[WhiteElo "1176"]
[BlackElo "1319"]
[PlyCount "53"]
[EventDate "2019.??.??"]

1. c4 e5 2. Nc3 Nf6 3. g3 c6 4. e4 c5 5. d3 h6 6. f4 d6 7. Nf3 Nc6 8. Bg2 Bd7
9. O-O Be7 10. a3 O-O 11. Bd2 Nd4 12. Nxd4 exd4 13. Nd5 Nxd5 14. cxd5 Bb5 15.
Qe2 Re8 16. Rae1 Bf6 17. b3 Rc8 18. Rc1 b6 19. Rf2 Rc7 20. Bf1 Rce7 21. Qd1 Qc8
22. Kg2 a5 23. a4 Ba6 24. Be2 Qc7 25. Ra1 Qd8 26. Qc2 Qc7 27. Qd1 1/2-1/2

[Event "NM for klubblag 2019"]
[Site "Scandic Ambassadeur, Drammen"]
[Date "2019.05.30"]
[Round "4"]
[White "Furulund, Eirik Eikeland"]
[Black "Blauhut, Anna"]
[Result "1-0"]
[WhiteElo "1120"]
[BlackElo "1156"]
[PlyCount "53"]
[EventDate "2019.??.??"]

1. e4 e5 2. Nf3 Nc6 3. Bc4 Bc5 4. O-O Nf6 5. d3 h6 6. Be3 Bb6 7. Nc3 O-O 8. h3
Na5 9. Bb3 Nxb3 10. axb3 c6 11. Nxe5 d6 12. Nc4 Bc7 13. Qf3 Re8 14. Bf4 Be6 15.
e5 dxe5 16. Bxe5 Bxe5 17. Nxe5 Bxh3 18. Nxf7 Bg4 19. Nxd8 Bxf3 20. Nxb7 Bh5 21.
Rfe1 Rf8 22. Re7 Rf7 23. Rxf7 Bxf7 24. Nd6 Bg6 25. Ra6 c5 26. Nde4 Nd7 27. Rxg6
1-0